[Üniversite ve YÖK dosyası] (Record no. 3951)

MARC details
000 -BAŞLIK
Sabit Uzunlukta Kontrol Alanı 00916na a2200277 4500
001 - KONTROL NUMARASI
Denetim Alanı 22753
003 - KONTROL NUMARASI IDENTIFIER
Denetim Alanı MIRAKIL
005 - SON İŞLEM TARİHİ VE ZAMANI
Denetim Alanı 20181213154948.0
008 - SABİT-BOY VERİ ELEMANLARI - GENEL BİLGİLER
Sabit Uzunlukta Kontrol Alanı 170224b tu 000 0
035 ## - SİSTEM KONTROL NUMARASI
Sistem Kontrol Numarası 20792
040 ## - KATALOGLAMA KAYNAK
Orijinal Kataloglama Ajansı Milas
Kataloglama Dili tur
Metne Dönüştürmek Ajansı TR-AnCHP
041 ## - DİL KODU
Metin / Ses Parça Veya Ayrı Başlığın Dil Kodu tur
082 ## - DEWEY ONLU SINIFLANDIRMA NUMARASI
Sınıflandırma Numarası CHP 378.111
Ürün Numarası Ü55
090 ## - SINIFLAMA NUMARASI
Sınıflama Numarası ÜNİVERSİTELER-YÖK
091 ## - MICROFILM RAF YER (AM) [OBSOLETE]
Mikrofilm Raf Yeri EĞİTİM-2
245 ## - BAŞLIK TABLOSU
Başlık [Üniversite ve YÖK dosyası]
Sorumluluk Tablosu, Vb [derleyen] CHP
440 ## - SERİSİ TABLOSU / KATMA GİRİŞİ - BAŞLIK
Başlık Cumhuriyet Halk Partisi yayınları
Bir İşin Parçası / Bölümün İsmi Raporlar
500 ## - GENEL NOT
Genel Not Üniversite ve yüksek öğretime ilişkin YÖK'ün çeşitli yasaları ve CHP'nin görüşüne sunulan çeşitli teklifler yer almaktadır
610 ## - KONU KATMA GİRİŞ - TOPLANTI ADI
Giriş Elemanı Olarak Kurumsal Ad Veya Yargı Alanı Adı Yükseköğretim Kurumu (YÖK)
610 ## - KONU KATMA GİRİŞ - TOPLANTI ADI
Giriş Elemanı Olarak Kurumsal Ad Veya Yargı Alanı Adı CHP
Genel Alt Bölüm Eğitim politikaları
610 ## - KONU KATMA GİRİŞ - TOPLANTI ADI
Giriş Elemanı Olarak Kurumsal Ad Veya Yargı Alanı Adı CHP
Genel Alt Bölüm Eğitim sorunları
Kronolojik Alt Bölüm Çözüm önerileri
610 ## - KONU KATMA GİRİŞ - TOPLANTI ADI
Giriş Elemanı Olarak Kurumsal Ad Veya Yargı Alanı Adı CHP
Genel Alt Bölüm Raporlar
Kronolojik Alt Bölüm Eğitim
830 ## - SERİSİ EKLENDİ GİRİŞ - ÜNİFORM ADI
Üniforma Başlık CHP raporları
942 ## - EKLENDİ GİRİŞ ELEMANLARI (KOHA)
Sınıflandırma Veya Raf Düzeni Kaynak
Koha Öğesi Türü Books
999 ## - SİSTEM KONTROL NUMARALARI (KOHA)
Koha Biblionumber 3951
Koha Biblioitemnumber 3951
Holdings
Kalıcı Konum Mevcut Konum Edinme Tarihi Edinim Kaynak Seri Numaralandırma / Kronolojik Toplam Check-Out'Lar Tam Çağrı Numarası Barkod Tarih Son Görülme İtibaren Geçerli Fiyatlar Sigara Kamu Notu Koha Öğesi Türü
CHP Kütüphanesi CHP Kütüphanesi 02/24/2017 Bağış c.4   ÜNİVERSİTELER-YÖK 016404 02/24/2017 02/24/2017 Klasör Books